太平天国占领的现今最大的城市地图 Cities occupied by Taiping Rebellion map - Statistics

General Stats
  • This quiz has been taken 145 times
  • The average score is 11 of 19
Answers on the Map
Answers color-coded by a green-red scale on the quiz's map according to % correct below.
 
Answer Stats
人口 城市 % Correct
791 南京
98%
874 杭州
93%
399 苏州
90%
378 合肥
86%
995 武汉
84%
361 宁波
80%
357 无锡
78%
309 常州
75%
151 扬州
73%
217 绍兴
68%
132 芜湖
57%
134 台州
51%
534 郑州
39%
122 宜昌
34%
118 义乌
28%
107 岳阳
24%
141 昆山
21%
106 慈溪
17%
132 株洲
16%
No matching quizzes found
Score Distribution
Percent of People with Each Score
Percentile by Number Answered
Your Score History
You have not taken this quiz